000 00497nam a2200181Ia 4500
008 090124s9999 xx 000 0 und d
082 _b133768
_a102899
100 _aदिवाण वृंदा
245 _a भुजंग
250 _a1
260 _bदिवाण वृंदा
_c2006
300 _a238
600 _aदिवाण वृंदा
630 _a भुजंग
700 _aदिवाण वृंदा
730 _a भुजंग
942 _cBOOK
999 _c180079
_d180079